00376 a2200121 4500003000500000005001700005040000900022082000800031245007400039260003300113650008300146651002500229Nust20170207161923.0 cNust a799 aTea Out Maj Umar khan Niazi and Maj Usman (Photograph 2013 SoftCopy)  aRawalpindibMCSc03-07-2013  aTea Out Maj Umar khan Niazi and Maj Usman (Photograph 2013 (CD-No-23,Vol-III)  aSweet Memories - MCS